<?xml version="1.0" encoding="UTF-8"?>
<resp>
  <nextPage>https://data.bn.org.pl/api/networks/bibs.marcxml?marc=001+b00001150002116&amp;sinceId=1150002117</nextPage>
  <collection>
    <record xmlns='http://www.loc.gov/MARC21/slim'><leader>00974namZa2200313ZiZ4500</leader><controlfield tag='001'>b00001150002116</controlfield><controlfield tag='005'>20241203215220.0</controlfield><controlfield tag='008'>230609s        pl           |000 0 pol c</controlfield><controlfield tag='009'>9913261512505606</controlfield><datafield ind1=' ' ind2=' ' tag='020'><subfield code='a'>8301145641</subfield></datafield><datafield ind1=' ' ind2=' ' tag='035'><subfield code='a'>KR_1KR_1_20120317233828098386-48omnis_kr</subfield></datafield><datafield ind1=' ' ind2=' ' tag='035'><subfield code='a'>KR_1_20120317233828098386</subfield><subfield code='9'>ExL</subfield></datafield><datafield ind1=' ' ind2=' ' tag='035'><subfield code='a'>(PL)b00001150002116</subfield></datafield><datafield ind1=' ' ind2=' ' tag='040'><subfield code='a'>KR_1</subfield><subfield code='c'>KR_1</subfield></datafield><datafield ind1='1' ind2=' ' tag='041'><subfield code='a'>pol</subfield><subfield code='h'>eng</subfield></datafield><datafield ind1='1' ind2=' ' tag='100'><subfield code='a'>Fullan, Michael</subfield></datafield><datafield ind1='1' ind2='0' tag='245'><subfield code='a'>Odpowiedzialne i skuteczne kierowanie szkołą /</subfield><subfield code='c'>Michael Fullan ; przeł. Krzysztof Kruszewski.</subfield></datafield><datafield ind1=' ' ind2=' ' tag='260'><subfield code='a'>W-wa :</subfield><subfield code='b'>Wydaw. Naukowe PWN,</subfield><subfield code='c'>2005.</subfield></datafield><datafield ind1=' ' ind2=' ' tag='300'><subfield code='a'>86 s. :</subfield><subfield code='b'>rys. ;</subfield><subfield code='c'>24 cm.</subfield></datafield><datafield ind1='1' ind2=' ' tag='490'><subfield code='a'>Edukacja Dzisiaj</subfield></datafield><datafield ind1=' ' ind2=' ' tag='500'><subfield code='a'>n</subfield></datafield><datafield ind1=' ' ind2=' ' tag='504'><subfield code='a'>Bibliogr. - Indeks.</subfield></datafield><datafield ind1='1' ind2=' ' tag='700'><subfield code='a'>Kruszewski, Krzysztof</subfield><subfield code='e'>Tł.</subfield></datafield><datafield ind1=' ' ind2=' ' tag='852'><subfield code='b'>48OMNIS_NETWORK</subfield><subfield code='8'>9913261512505606</subfield></datafield><datafield ind1=' ' ind2=' ' tag='852'><subfield code='b'>48OMNIS_KR</subfield><subfield code='8'>991000021159708216</subfield></datafield><datafield ind1=' ' ind2=' ' tag='920'><subfield code='a'>83-01-14564-1</subfield></datafield></record>
  </collection>
</resp>
